| 000 | 01339nam0a22003611 4500 | ||
|---|---|---|---|
| 001 | RU\NLR\BIBL_A\012853244 | ||
| 005 | 20260408084109.0 | ||
| 035 | _a(NLR Aleph) 012853244 | ||
| 090 |
_a12434204 _c12434204 |
||
| 100 | _a20220725d1909 |||y0rusy50 ca | ||
| 101 | 1 |
_adan _cfre |
|
| 102 | _aRU | ||
| 105 | _ay z |||a| | ||
| 181 | 0 |
_ai _baxxe |
|
| 182 | 0 | _an | |
| 200 | 1 |
_aSapho _eOversaettelse |
|
| 203 |
_aТекст _bвизуальный _cнепосредственный |
||
| 205 | _a11-21 m. | ||
| 210 |
_aKopenhavn _cMartin _d1909 |
||
| 215 | _d8° | ||
| 225 | 1 | _aMartins herl-krone udgave | |
| 317 |
_aЭкз. РНБ (106/434): Из Библиотеки Издательства "Всемирная литература" _5NLR: 106/434 |
||
| 700 | 1 |
_4070 _8fre _7ba _aDaudet _bA. _f1840-1897 _gAlphonse _3RU\NLR\AUTH\77104128 _987053 |
|
| 712 | 0 | 2 |
_4390 _a"Всемирная литература", издательство _cЛенинград _bБиблиотека _3RU\NLR\AUTH\8810182036 _9860693 |
| 801 | 0 |
_aRU _bNLR |
|
| 801 | 1 |
_aRU _bNLR _2rusmarc |
|
| 830 | _aЭкз. "Всемирной лит." описан по карточке каталога Отделения "Б-ка всемирной лит." | ||
| 852 |
_aNLR _j106/434 |
||
| 942 | _cBOOK | ||
| 980 | _aNB | ||
| 980 | _aWL | ||